|
|
|
|
| LEADER |
01239nam a2200277 a 4500 |
| 001 |
28348790 |
| 008 |
100124s1982 enkb b 000 0 eng d |
| 020 |
|
|
|a 0704905167
|
| 040 |
|
|
|a EEM
|c EEM
|d BD-DhAAL
|
| 082 |
0 |
0 |
|a 305.42
|2 18
|
| 100 |
1 |
|
|a Hall, Eve.
|
| 245 |
1 |
0 |
|a Policies and programmes of non-government organisations :
|b their involvement with rural women in development /
|c Eve Hall ; edited by Jancis Smithells.
|
| 260 |
|
|
|a Reading, Eng. :
|b University of Reading, Agricultural, Extension and Rural Development Centre,
|c 1982
|
| 300 |
|
|
|a iii, 67 p., :
|c 30 cm.
|
| 500 |
|
|
|a "Reprinted February 1985"--Cover.
|
| 504 |
|
|
|a Includes bibliographical references (p. 66-67).
|
| 541 |
1 |
|
|e 00001875
|
| 650 |
|
0 |
|a Women in development.
|
| 650 |
|
0 |
|a Non-governmental organizations.
|
| 650 |
|
0 |
|a Women in rural development.
|
| 650 |
|
0 |
|a Rural women.
|
| 700 |
1 |
0 |
|a Smithells, Jancis.
|
| 710 |
2 |
0 |
|a University of Reading.
|b Agricultural Extension and Rural Development Centre.
|
| 852 |
4 |
|
|a Ayesha Abed Library
|j General shelf
|
| 999 |
|
|
|c 7239
|d 7239
|
| 952 |
|
|
|0 0
|1 0
|2 ddc
|4 0
|6 305_420000000000000_HAL_1982
|7 0
|9 7722
|a BRACUL
|b BRACUL
|c GEN
|d 2010-02-02
|g 0.00
|l 0
|o 305.42 HAL
|p 3010003505
|r 2010-02-02
|t 1
|w 2010-02-02
|y BK
|z Not price in Register
|